| 000 | 01331nam a2200349 a 4500 | ||
|---|---|---|---|
| 003 | CHAP | ||
| 005 | 20230518182107.0 | ||
| 007 | ta | ||
| 008 | 230517smx mx ad||fr|||| 001 0 spa d | ||
| 020 | _a968-25-0943-2 | ||
| 040 |
_amxchpua _cCHAP _erda |
||
| 050 | 1 | 0 |
_aQA37.2 _b.H47 1983 |
| 082 | 0 | 0 |
_a510 _bH47 1983 _220 |
| 100 | 1 |
_954009 _aHernández Flores, José Francisco _eautor |
|
| 245 | 1 | 0 |
_aMatemáticas básicas / _cJosé Francisco Hernández Flores y Nicolás Ballesteros Inda ; editor Alfredo Tapia Hernández |
| 250 | _a2a edición | ||
| 264 |
_aMéxico : _bInteramericana, _c1983 |
||
| 300 |
_axv, 416 páginas : _bilustraciones, gráficas, tablas |
||
| 336 |
_2rdacontent _atexto _btxt |
||
| 337 |
_2rdamedia _asin medio _bn |
||
| 338 |
_2rdacarrier _avolumen _bnc |
||
| 500 | _aEn portada: "Curso de universidad abierta. Facultad de Contaduría y Administración. UNAM. Texto apegado a los programas oficiales vigentes." | ||
| 504 | _aIncluye bibliografías | ||
| 650 | 1 | 3 |
_972901 _aMatemáticas |
| 650 | 1 | 3 |
_982391 _aÁlgebra |
| 650 | 1 | 3 |
_9150245 _aMatemáticas y estadística |
| 650 | 1 | 3 |
_9187070 _aMathematics |
| 650 | 1 | 0 |
_9150246 _aMathematics and statistics |
| 700 | 1 |
_99728 _aBallesteros Inda, Nicolás _eautor |
|
| 700 | 1 |
_9187079 _aTapia Hernández, Alfredo _etraductor |
|
| 942 |
_2ddc _cLibro |
||
| 999 |
_c218782 _d218782 |
||